Sacagawea / by Lise Erdrich ; illustrations by ... Read More
Available copies
- 3 of 3 copies available at LARL/NWRL Consortium.
- 1 of 1 copy available at Lake Agassiz Regional Library. (Show preferred library)
Current holds
0 current holds with 3 total copies.
Show All Copies
| Location | Call Number / Copy Notes | Barcode | Shelving Location | Status | Due Date |
|---|---|---|---|---|---|
| Moorhead Public Library | J 921 SAC (Text) | 33500012761680 | Main | Available | - |
| Hallock Public Library | j 921 SAC (Text) | 35500006789786 | Main | Available | - |
| Warroad Public Library | j 921 SAC (Text) | 35500003399621 | Main | Available | - |
Record details
- ISBN: 0876146469 ((lib. bdg. : alk. paper) : alk. paper)
- ISBN: 9780876146460
- ISBN: 9781728492995
- Physical Description: 1 v. (unpaged) : ill. ; 31 cm.
- Publisher: Minneapolis : Carolrhoda Books, c2003.
Content descriptions
| General Note: | MN American Indian literature. |
| Bibliography, etc. Note: | Includes bibliographical references. |
| Summary, etc.: | A biography of the Shoshone girl, Sacagawea, from ... Read More |
Search for related items by subject
| LDR | 01679cam a22003738a 4500 | ||
|---|---|---|---|
| 001 | 49739 | ||
| 003 | LARL_NWRL_CONSORTIUM | ||
| 005 | 20240604170437.0 | ||
| 008 | 020808s2003 mnu b b 000 0beng | ||
| 020 | . | ‡a0876146469 ((lib. bdg. : alk. paper) : alk. paper) | |
| 020 | . | ‡a9780876146460 | |
| 020 | . | ‡a9781728492995 | |
| 035 | . | ‡a(OCoLC)50448111 | |
| 035 | 0 | 0. | ‡ilcmarc/BBE-6541/KRLTECH2 |
| 040 | . | ‡aDLC ‡cDLC | |
| 082 | 0 | 0. | ‡a978.004/9745/0092 ‡aB ‡221 |
| 092 | . | ‡a921 ‡bSac | |
| 100 | 1 | . | ‡aErdrich, Liselotte. ‡0(LARL_NWRL_CONSORTIUM)131430 |
| 245 | 1 | 0. | ‡aSacagawea / ‡cby Lise Erdrich ; illustrations by Julie Buffalohead. |
| 260 | . | ‡aMinneapolis : ‡bCarolrhoda Books, ‡cc2003. | |
| 300 | . | ‡a1 v. (unpaged) : ‡bill. ; ‡c31 cm. | |
| 500 | . | ‡aMN American Indian literature. | |
| 520 | . | ‡aA biography of the Shoshone girl, Sacagawea, from age eleven when she was kidnapped by the Hitdatsa to the end of her journey with Lewis and Clark, plus speculation about her later life. | |
| 504 | . | ‡aIncludes bibliographical references. | |
| 600 | 0 | 0. | ‡aSacagawea ‡vJuvenile literature. |
| 650 | 0. | ‡aShoshoni women ‡vBiography ‡vJuvenile literature. ‡0(LARL_NWRL_CONSORTIUM)175029 | |
| 650 | 0. | ‡aShoshoni Indians ‡vBiography ‡vJuvenile literature. ‡0(LARL_NWRL_CONSORTIUM)175030 | |
| 611 | 2 | 0. | ‡aLewis and Clark Expedition ‡d(1804-1806) ‡vJuvenile literature. |
| 600 | 0 | 1. | ‡aSacagawea. ‡0(LARL_NWRL_CONSORTIUM)2174 |
| 650 | 1. | ‡aShoshoni Indians ‡vBiography. | |
| 650 | 1. | ‡aIndians of North America ‡vBiography. ‡0(LARL_NWRL_CONSORTIUM)22900 | |
| 650 | 1. | ‡aWomen ‡vBiography. ‡0(LARL_NWRL_CONSORTIUM)34555 | |
| 611 | 2 | 1. | ‡aLewis and Clark Expedition ‡d(1804-1806) ‡0(LARL_NWRL_CONSORTIUM)6527 |
| 700 | 1 | . | ‡aBuffalohead, Julie. ‡0(LARL_NWRL_CONSORTIUM)133147 |
| 901 | . | ‡a49739 ‡bOCLC ‡c49739 ‡tbiblio | |

Add to basket
Permalink
Disable Highlighting